Statistics for U.S. History by Year, 1900-1919

Click here to take the quiz!

General Stats

  • This quiz has been taken 114 times
  • The average score is 16 of 20

Answer Stats

YearHintAnswer% Correct
1919The 18th Amendment begins the Prohibition era when it banned the consumption of thisAlcohol
99%
1917The United States joins this war upon learning of the Zimmerman TelegraphWorld War I
97%
1903The Wright Brothers test this invention for the first time at Kill Devil Hills, North CarolinaAirplane
95%
1907Theodore Roosevelt leads the effort on the construction of a canal in this countryPanama
93%
1918A soldier in Kansas falls ill, becoming the first confirmed case of this deadly pandemicSpanish Flu
93%
1913Henry Ford mass produces this automobile on an assembly lineModel T
89%
1902The Electric Theatre in Los Angeles becomes the first to show theseMovies
88%
1914This baseball player makes his major league debut with the Boston Red SoxBabe Ruth
87%
1905This city of vice is founded in the Mojave DesertLas Vegas
86%
19063,000 people are killed after an earthquake and subsequent fire destroy this citySan Francisco
85%
1910This paternal holiday is first observed in Spokane, Washington{Father's} Day
83%
1901Theodore Roosevelt becomes president following the assassination of this presidentWilliam McKinley
80%
1909Robert Peary claims to be the first person to reach this placeNorth Pole
76%
1915128 Americans die after this ship is sunk by a German U-boatRMS {Lusitania}
76%
1904This city hosts the third modern Olympic GamesSt. Louis
66%
1912This state becomes the last to be admitted in the contiguous U.S.Arizona
65%
1908After defeating the Detroit Tigers, this team wouldn't win another World Series until 2016Chicago Cubs
63%
1900A hurricane kills between 6,000 and 12,000 in this Texas cityGalveston
60%
1911The Supreme Court declares this company to be a monopoly and has it broken upStandard Oil
55%
1916John J. Pershing hunts this Mexican revolutionary after he raided a New Mexico townPancho Villa
51%

Score Distribution

Percentile by Number Answered

Percent of People with Each Score

Your Score History

You have not taken this quiz